Прогнозирование аварийных ситуаций и повреждений магистральных газопроводов в условиях крайнего севера; Нефтегазовое дело; № 3
| Parent link: | Нефтегазовое дело: электронный научный журнал.— , 2001- № 3.— 2012.— [С. 99-107] |
|---|---|
| Otros Autores: | , , |
| Sumario: | Заглавие с экрана Обработка статистических данных за десятилетний период эксплуатации объектов системы магистральных газопроводов ОАО «Сахатранснефтегаз» позволила выявить группы факторов аварийности и определить группы с максимальным вкладом в динамику аварий и повреждений. На основании полученных данных выделен наиболее опасный участок магистрального газопровода "Средневилюйское газоконденсатное месторождение - Мастах - Берге - Якутск". При помощи индикаторов промышленной безопасности проведена оценка его состояния |
| Lenguaje: | ruso |
| Publicado: |
2012
|
| Materias: | |
| Acceso en línea: | http://www.ogbus.ru/authors/Chuhareva/Chuhareva_2.pdf http://elibrary.ru/item.asp?id=20892705& |
| Formato: | Electrónico Capítulo de libro |
| KOHA link: | https://koha.lib.tpu.ru/cgi-bin/koha/opac-detail.pl?biblionumber=636844 |
MARC
| LEADER | 00000nla0a2200000 4500 | ||
|---|---|---|---|
| 001 | 636844 | ||
| 005 | 20250407103543.0 | ||
| 035 | |a (RuTPU)RU\TPU\network\902 | ||
| 090 | |a 636844 | ||
| 100 | |a 20140402d2012 k||y0rusy50 ca | ||
| 101 | 0 | |a rus | |
| 102 | |a RU | ||
| 135 | |a drnn ---uucaa | ||
| 181 | 0 | |a i | |
| 182 | 0 | |a b | |
| 200 | 1 | |a Прогнозирование аварийных ситуаций и повреждений магистральных газопроводов в условиях крайнего севера |f Н. В. Чухарева, С. А. Миронов, Т. В. Тихонова | |
| 203 | |a Текст |c электронный | ||
| 300 | |a Заглавие с экрана | ||
| 320 | |a [Библиогр.: с. 107 (12 назв.)] | ||
| 330 | |a Обработка статистических данных за десятилетний период эксплуатации объектов системы магистральных газопроводов ОАО «Сахатранснефтегаз» позволила выявить группы факторов аварийности и определить группы с максимальным вкладом в динамику аварий и повреждений. На основании полученных данных выделен наиболее опасный участок магистрального газопровода "Средневилюйское газоконденсатное месторождение - Мастах - Берге - Якутск". При помощи индикаторов промышленной безопасности проведена оценка его состояния | ||
| 337 | |a Adobe Reader | ||
| 461 | |t Нефтегазовое дело |o электронный научный журнал |d 2001- | ||
| 463 | |t № 3 |v [С. 99-107] |d 2012 | ||
| 610 | 1 | |a электронный ресурс | |
| 610 | 1 | |a труды учёных ТПУ | |
| 610 | 1 | |a магистральные газопроводы | |
| 610 | 1 | |a аварии | |
| 610 | 1 | |a повреждения | |
| 610 | 1 | |a прогнозирование | |
| 610 | 1 | |a эксплуатация | |
| 610 | 1 | |a Крайний Север | |
| 610 | 1 | |a условия | |
| 701 | 1 | |a Чухарева |b Н. В. |c специалист в области нефтегазового дела |c доцент Томского политехнического университета, кандидат химических наук |f 1967- |g Наталья Вячеславовна |3 (RuTPU)RU\TPU\pers\26133 |9 11962 | |
| 701 | 1 | |a Миронов |b С. А. | |
| 701 | 1 | |a Тихонова |b Т. В. | |
| 801 | 2 | |a RU |b 63413507 |c 20140402 |g RCR | |
| 856 | 4 | |u http://www.ogbus.ru/authors/Chuhareva/Chuhareva_2.pdf | |
| 856 | 4 | |u http://elibrary.ru/item.asp?id=20892705& | |
| 942 | |c CF | ||